WWE - Name a Valid Answer #7 - Statistics

General Stats
  • This quiz has been taken 136 times
  • The average score is 10 of 15
Answer Stats
Name a wrestler that ... Valid answer(s) % Correct
has faced John Cena in an "I Quit" match Batista | John Bradshaw Layfield | The Miz | Randy Orton | Rusev
90%
has had the Money in the Bank contract cashed-in against them 3 times or more Charlotte Flair | John Cena | Seth Rollins
89%
has defeated Carlito to win any championship from him Chris Jericho | Edge | John Cena | Ric Flair
84%
was in a Championship Scramble match at Unforgiven 2008 Batista | The Brian Kendrick | Chavo Guerrero | Chris Jericho | Finlay | Jeff Hardy | John Bradshaw Layfield | Kane | Mark Henry | Matt Hardy | The Miz | MVP | Rey Mysterio | Shelton Benjamin | Triple H
80%
has teamed with Kurt Angle in a Survivor Series elimination match Booker T | Bradshaw | Braun Strowman | Carlito | Chris Benoit | Finn Balor | Hardcore Holly | John Cena | Luther Reigns | Mark Jindrak | Rob Van Dam | Samoa Joe | Shane McMahon | Stone Cold Steve Austin | Triple H
80%
has held the WWE United States Title and any Tag Team Title at the same time Eddie Guerrero | The Miz | MVP
75%
won the WCW Tag Team Championship while it was defended in WWE in 2001 Booker T | Bubba Ray Dudley | D-Von Dudley | Jeff Hardy | Kane | Matt Hardy | Test | The Undertaker
70%
Rey Mysterio defeated to win the WWE Cruiserweight Championship from Chavo Classic | Matt Hardy | Tajiri
68%
won the Cruiserweight Championship in 2016 The Brian Kendrick | Rich Swann | TJ Perkins
68%
defeated The Undertaker in the year 2018 Shawn Michaels | Triple H
66%
won a televised WWE Diva Search competition (2004-2007) Ashley Massaro | Christy Hemme | Eve Torres | Layla
60%
won the Hardcore Championship in the first month that the 24/7 rule was active Crash Holly | Pete Gas
57%
was on the winning team of the first women's Survivor Series elimination match in 1987 The Fabulous Moolah | Itsuki Yamazaki | Noriyo Tateno | Rockin' Robin | Velvet McIntyre
53%
has won the WWE United States Title in a country that wasn't the USA Bret Hart | Logan Paul | Rey Mysterio
43%
got to the finals of a tournament for the vacant Intercontinental Championship but lost the match Daniel Bryan | Faarooq | Johnny Rodz | Tito Santana | X-Pac
35%
No matching quizzes found
Score Distribution
Percent of People with Each Score
Percentile by Number Answered
Your Score History
You have not taken this quiz